000 00607nam a22002171 4500
999 _c5586
_d5586
003 UkOxU
005 20220421072326.0
008 921109s1987 enk 000 0 eng d
020 _a0723607540
040 _cALUPE UNIVERSITY
050 _aRE46
_b.C5 1987
092 _aD0500791367
245 0 0 _aClinical ophthalmology /
_cedited by Sir Stephen Miller
260 _aBristol :
_bWright,
_c1987
300 _axiv, 599 p ;
_c28 cm
650 0 _aOphthalmology
650 0 _aEye
_xDiseases
700 1 _aMiller, Stephen J. H.
942 _2lcc
_cBK
_nMM